ბათუმის შოთა რუსთაველის სახელმწიფო უნივერსიტეტის ბიბლიოთეკა

Going for GOLD : (ბიბ.ჩანაწერი № 41635)

000 -LEADER
fixed length control field 00722nam a2200241Ia 4500
001 - CONTROL NUMBER
control field 8304
003 - CONTROL NUMBER IDENTIFIER
control field GE_BSU
005 - DATE AND TIME OF LATEST TRANSACTION
control field 20221116115913.0
008 - FIXED-LENGTH DATA ELEMENTS--GENERAL INFORMATION
fixed length control field 181216s||||||||xx |||||||||||||| ||und||
020 ## - INTERNATIONAL STANDARD BOOK NUMBER
International Standard Book Number 9780582529175 X
040 ## - CATALOGING SOURCE
Transcribing agency GE_BSU
041 ## - LANGUAGE CODE
Language code of text/sound track or separate title eng
080 ## - UNIVERSAL DECIMAL CLASSIFICATION NUMBER
Universal Decimal Classification number 811.111(075) A-18
100 ## - MAIN ENTRY--PERSONAL NAME
Personal name Acklam, Richard .
9 (RLIN) 3176
245 ## - TITLE STATEMENT
Title Going for GOLD :
Remainder of title Upper intermediate. Coursebook /
Statement of responsibility, etc. Richard Acklam and Araminta Crace
264 ## - PRODUCTION, PUBLICATION, DISTRIBUTION, MANUFACTURE, AND COPYRIGHT NOTICE
Place of production, publication, distribution, manufacture Edinburgh :
Name of producer, publisher, distributor, manufacturer Longman,
Date of production, publication, distribution, manufacture, or copyright notice 2013.
300 ## - PHYSICAL DESCRIPTION
Extent 176 p.:
Other physical details Ill.
Dimensions 27 cm.
653 ## - INDEX TERM--UNCONTROLLED
keyword Going for GOLD
653 ## - INDEX TERM--UNCONTROLLED
keyword Upper intermediate. Coursebook
653 ## - INDEX TERM--UNCONTROLLED
keyword ინგლისური გრამატიკა
700 ## - ADDED ENTRY--PERSONAL NAME
Personal name Crace, Araminta
9 (RLIN) 15851
942 ## - ADDED ENTRY ELEMENTS (KOHA)
Koha item type წიგნი
Source of classification or shelving scheme
ეგზემპლარები
Withdrawn status Lost status Source of classification or shelving scheme Damaged status Not for loan Permanent Location Current Location Shelving location Date acquired Cost, normal purchase price Full call number Barcode Date last seen Copy number Price effective from Koha item type Public note
          ბათუმის შოთა რუსთაველის სახელმწიფო უნივერსიტეტის მთავარი ბიბლიოთეკა ბათუმის შოთა რუსთაველის სახელმწიფო უნივერსიტეტის მთავარი ბიბლიოთეკა წიგნსაცავი 2018-12-17 21.00 811.111(075) A-18 26696 2018-12-17 26696 2018-12-17 წიგნი 21.00
          ბათუმის შოთა რუსთაველის სახელმწიფო უნივერსიტეტის მთავარი ბიბლიოთეკა ბათუმის შოთა რუსთაველის სახელმწიფო უნივერსიტეტის მთავარი ბიბლიოთეკა წიგნსაცავი 2018-12-17 21.00 811.111(075) A-18 26697 2018-12-17 26697 2018-12-17 წიგნი 21.00